| 000 | 00667nam a2200217Ia 4500 | ||
|---|---|---|---|
| 001 | 3335 | ||
| 003 | GE_BSU | ||
| 008 | 181216s||||||||xx |||||||||||||| ||und|| | ||
| 040 | _cGE_BSU | ||
| 080 | _a691.4(075) | ||
| 100 | _aБуров Ю.С. | ||
| 245 | _aТехнология строительных материалов и изделий. | ||
| 245 | _bУчебник для вузов. | ||
| 245 | _cред. Н.Н.Попова. | ||
| 260 | _aМ. | ||
| 260 | _bВысш. школа. | ||
| 260 | _c1972. | ||
| 300 | _a464стр.с илл.22 см. | ||
| 653 | _aТехнологии строительных материалов изделий. | ||
| 942 | _cBK | ||
| 999 |
_c37376 _d37376 |
||